000 01297cam a2200349 i 4500
001 9162
003 Mx-PuUPA
005 20220222131241.0
008 140415s1991 sp a gre 001 0 spa d
017 _aM. 16.955-1984
020 _a8423952088
_qtomo 8
040 _aMx-PuUPA
_bspa
_cMx-PuUPA
_dMx-PuUPA
_erda
041 0 _aspa
100 1 _912062
_aPijoán, José,
_d1881-1963
_eautor
245 1 0 _aArte bárbaro y prerrománico :
_bdesde el siglo IV hasta el año 1000 /
_cJosé Pijoán
250 _aNovena edición
264 1 _aMadrid :
_bEspasa-Calpe,
_c1991
_c©1942
300 _a570 páginas, xxiv hojas :
_bilustraciones, láminas (algunas a color) ;
_c28 cm
336 _2rdacontent
_atexto
_btxt
336 _2rdacontent
_aimagen fija
_bsti
337 _2rdamedia
_asin medio
_bn
338 _2rdacarrier
_avolumen
_bnc
490 1 _aSumma artis, historia general del arte ;
_v8
650 7 _aArte
_xHistoria
_2armarc
655 7 _2armarc
_aEnciclopedias
785 0 8 _aPijoán, José,
_bNovena edición
_dMadrid : Espasa-Calpe, 1991
_tEl arte románico : siglos XI y XII
_w(Mx-PuUPA) 9163
_z8423952096
830 0 _912114
_aSumma artis, historia general del arte
_v8
942 _2ddc
_cLI
_h709
_iS955
999 _c9162
_d9162